000 00733nam a2200205 a 4500
005 20140412111301.0
008 001111s19uu xx 00 eng d
020 _a1-56107-645-7
050 _aTR(GS 513.146
_bCOO771 1995
100 _aCook, Marcy
245 _aAirthmetornos B :
_blogica /
_cMarcy Cook.
260 _aMountain View, CA :
_bCreative Pub.
300 _a24p.(pt.1); 24p. (pt.2); ill.
440 _aMathland
500 _aStudent guide for grade 2. Spanish text Two books in one "combinaciones de numeros" (part 2)
650 _aArithmetic -- Problems, exercises, etc. -- Study and teaching
650 _aSpanish language -- Reading materials
650 _aLogic, symbolic and mathematicsal
999 _c103379
_d103379